000
00292nam a22001337a 4500
008
170908b xxu||||| |||| 00| 0 eng d
020
_a
0136664210
041
_a
eng
080
_2
8 ED
_a
91
100
_a
42
101
_a
GEO
245
_a
PHYSICAL GEOLOGY
_c
KAUFFMAN.J
942
_2
udc
_c
BK
999
_c
26786
_d
26786